| 000 | 01167nam a2200325 i 4500 | ||
|---|---|---|---|
| 003 | DO-SdBNP | ||
| 005 | 20230801104429.0 | ||
| 007 | ta | ||
| 008 | 210825b 2020 dr 00| 0 eng d | ||
| 020 | _a9789945095876 | ||
| 040 |
_aDO-SdBNP _bspa _cBPMSU _erda |
||
| 082 | 4 |
_aRD863.5 _bM375u, 2020 _222 |
|
| 100 | 1 |
_aMarte, Belkis M., _eautora |
|
| 245 | 1 | 0 |
_aUna chiquita gigante = A giant little girl / _cBelkis Marte Martich ; editor, Ramón Saba ; traducción, Rhina P. Espaillat ; ilustración, Ezequiel Martínez. |
| 250 | _a2a ed. | ||
| 264 | 1 |
_aSanto Domingo : _bs.n., _c2020. |
|
| 300 |
_a62 p.áginas : _bilustraciones ; _c27 cm. |
||
| 336 |
_2rdacontent _atexto _btxt |
||
| 337 |
_2rdamedia _asin mediación _bn |
||
| 338 |
_2rdacarrier _avolumen _bnc |
||
| 500 | _aIncluye datos biográficos de la autora en las solapas | ||
| 590 | _aInventariado, 2021/BT | ||
| 650 | 4 | _aCuentos infantiles dominicanos | |
| 650 | 4 | _aLiteratura infantil dominicana | |
| 700 | 1 |
_aSaba, Ramón , _deditor |
|
| 700 | 1 |
_aEspaillat, Rhina P. , _etraducción |
|
| 700 | 1 |
_aMartínez, Ezequiel , _eilustraciones |
|
| 910 | _aVMateo V. Control de calidad. BPMSU | ||
| 942 |
_2ddc _cBK |
||
| 999 |
_c14455 _d14455 |
||